Les Pokémon de type Eau 1G-9G [FR] - Statistiques

Statistiques générales
  • Ce quiz a été pris 1 607 fois
    253 depuis la dernière actualisation
  • Le résultat moyen est 98 sur 161
Statistiques - réponses
Gen Numéro Type 1 Type 2 Pokémon % Correct
I 008 Eau Carabaffe
99%
I 007 Eau Carapuce
99%
I 009 Eau Tortank
99%
I 129 Eau Magicarpe
94%
I 130 Eau Vol Léviator
93%
II 158 Eau Kaiminus
90%
I 086 Eau Otaria
90%
I 060 Eau Ptitard
90%
I 062 Eau Combat Tartard
90%
I 072 Eau Poison Tentacool
90%
I 073 Eau Poison Tentacruel
90%
I 061 Eau Têtarte
90%
I 087 Eau Glace Lamantine
89%
II 160 Eau Aligatueur
88%
I 120 Eau Stari
86%
I 121 Eau Psy Staross
86%
II 159 Eau Crocrodil
84%
III 258 Eau Gobou
84%
I 131 Eau Glace Lokhlass
84%
I 118 Eau Poissirène
84%
III 260 Eau Sol Laggron
83%
VI 395 Eau Acier Pingoléon
83%
I 119 Eau Poissoroy
83%
VI 393 Eau Tiplouf
82%
I 139 Eau Roche Amonistar
81%
I 138 Eau Roche Amonita
81%
I 091 Eau Glace Crustabri
81%
III 259 Eau Sol Flobio
81%
VI 394 Eau Prinplouf
81%
I 140 Eau Roche Kabuto
79%
I 141 Eau Roche Kabutops
79%
I 090 Eau Kokiyas
79%
III 382 Eau Kyogre
78%
II 171 Eau Electrik Lanturn
78%
II 170 Eau Electrik Loupio
78%
I 055 Eau Akwakwak
77%
V 501 Eau Moustillon
77%
I 080 Eau Psy Flagadoss
76%
III 271 Eau Plante Lombre
76%
I 079 Eau Psy Ramoloss
76%
I 134 Eau Aquali
75%
V 503 Eau Clamiral
75%
I 117 Eau Hypocéan
75%
II 230 Eau Dragon Hyporoi
75%
I 116 Eau Hypotrempe
75%
III 272 Eau Plante Ludicolo
75%
III 270 Eau Plante Nénupiot
75%
I 054 Eau Psykokwak
75%
II 184 Eau Fée Azumarill
74%
III 279 Eau Vol Bekipan
74%
III 278 Eau Vol Goélise
74%
II 183 Eau Fée Marill
74%
III 319 Eau Ténèbres Sharpedo
74%
VI 656 Eau Grenousse
73%
V 502 Eau Mateloutre
73%
VI 658 Eau Ténèbres Amphinobi
72%
III 363 Eau Glace Obalie
72%
III 365 Eau Glace Kaimorse
71%
II 195 Eau Sol Maraiste
71%
II 199 Eau Psy Roigada
71%
II 194 Eau Sol Axoloto
70%
II 245 Eau Suicune
70%
VI 657 Eau Croâporal
69%
III 364 Eau Glace Phogleur
69%
III 369 Eau Roche Relicanth
69%
III 283 Eau Insecte Arakdo
68%
III 318 Eau Ténèbres Carvanha
68%
VII 730 Eau Fée Oratoria
68%
VII 728 Eau Otaquin
67%
VI 484 Eau Dragon Palkia
67%
II 186 Eau Tarpaud
66%
II 211 Eau Poison Qwilfish
64%
III 340 Eau Sol Barbicha
63%
VI 400 Eau Normal Castorno
63%
III 370 Eau Lovdisc
63%
III 350 Eau Milobellus
63%
VII 729 Eau Otarlette
63%
III 349 Eau Barpau
62%
III 366 Eau Coquiperl
62%
III 367 Eau Serpang
61%
VI 721 Eau Feu Volcanion
61%
III 321 Eau Wailord
61%
VI 489 Eau Phione
60%
III 368 Eau Rosabyss
60%
V 592 Eau Spectre Viskuse
60%
III 320 Eau Wailmer
60%
II 226 Eau Vol Démanta
59%
I 098 Eau Krabby
59%
VIII 816 Eau Larméléon
59%
VI 490 Eau Manaphy
59%
V 593 Eau Spectre Moyade
59%
III 339 Eau Sol Barloche
58%
II 223 Eau Rémoraid
58%
VI 493 Eau Arceus
57%
II 222 Eau Roche Corayon
57%
V 580 Eau Vol Couaneton
57%
I 099 Eau Krabboss
57%
VIII 818 Eau Lézargus
57%
II 224 Eau Octillery
57%
VI 458 Eau Vol Babimanta
55%
V 537 Eau Sol Crapustule
55%
V 581 Eau Vol Lakmécygne
55%
V 550 Eau Bargantua
54%
V 536 Eau Sol Batracné
54%
VI 418 Eau Mustébouée
54%
IX 914 Eau Combat Palmaval
54%
V 535 Eau Tritonde
54%
IX 912 Eau Coiffeton
53%
VI 419 Eau Mustéflott
53%
III 341 Eau Ecrapince
52%
VI 457 Eau Luminéon
52%
V 594 Eau Mamanbo
52%
VII 752 Eau Insecte Tarenbulle
52%
VI 423 Eau Sol Tritosor
52%
VIII 817 Eau Arrozard
51%
III 342 Eau Ténèbres Colhomard
50%
VI 456 Eau Ecayon
50%
V 647 Eau Combat Keldeo
50%
VI 479 Eau Electrik Motisma
50%
VI 422 Eau Sancoki
49%
VII 751 Eau Insecte Araqua
48%
IX 913 Eau Canarbello
45%
V 564 Eau Roche Carapagos
45%
VI 689 Eau Roche Golgopathe
45%
VII 748 Eau Poison Prédastérie
45%
VII 747 Eau Poison Vorastérie
44%
V 565 Eau Roche Mégapagos
43%
VI 688 Eau Roche Opermine
43%
VI 690 Eau Poison Venalgue
43%
V 515 Eau Flotajou
41%
V 516 Eau Flotoutan
41%
VII 779 Eau Psy Denticrisse
39%
VI 692 Eau Flingouste
38%
VI 693 Eau Gamblast
37%
IX 1017 Eau Plante Ogerpon
37%
IX 976 Eau Oyacata
37%
VII 788 Eau Fée Tokopisco
37%
VII 746 Eau Froussardine
36%
VIII 902 Eau Spectre Paragruel
36%
VIII 882 Eau Dragon Hydragon
35%
III 351 Eau Morphéo
35%
VII 767 Eau Insecte Sovkipou
35%
VIII 883 Eau Glace Hydragla
34%
VII 768 Eau Insecte Sarmuraï
34%
IX 1009 Eau Dragon Serpente-Eau
34%
IX 975 Eau Psy Délestin
32%
IX 977 Eau Dragon Nigirigon
32%
IX 991 Eau Glace Hotte-de-Fer
28%
VIII 845 Eau Vol Nigosier
28%
VIII 892 Eau Combat Shifours
28%
VII 773 Eau Silvallié
28%
VIII 846 Eau Embrochet
26%
IX 963 Eau Dofin
25%
VIII 847 Eau Hastacuda
25%
IX 960 Eau Taupikeau
25%
IX 961 Eau Triopikeau
25%
IX 964 Eau Superdofin
24%
VIII 833 Eau Khélocrok
23%
VIII 834 Eau Roche Torgamord
23%
VII 771 Eau Concombaffe
19%
I 128 Eau Combat Tauros de Paldea
15%
Aucun quiz correspondant
Distribution des résultats
% des personnes avec chaque résultat
Percentile par nombre de réponses
Votre historique - résultats
Vous n’avez pas pris ce quiz depuis la dernière actualisation